00158 a2200073 45000010005000001000010000052450052000152600017000674519 aI.B.M aPrecision measurement in metal working industry abSyracusec